| 000 | 00452nab a2200145Ia 4500 | ||
|---|---|---|---|
| 003 | ES-SlBCS | ||
| 005 | 20210601125313.0 | ||
| 008 | 140529s2005 xxu||||| |||| 00| 0 eng d | ||
| 041 | _aeng | ||
| 100 | 1 |
_aTalbott, William J. _9156281 |
|
| 245 | 0 | 0 |
_aUniversal Knowledge _c William J. Talbott |
| 650 | 0 | 4 |
_aConocimiento Universal _9156497 |
| 773 | 0 |
_tPhilosophy and Phenomenological Research _gvol. 71, nº. 2, 2005, págs. 420-426 _wRev1411 |
|
| 942 | _cAR | ||
| 999 |
_c528144 _d528144 |
||